Score 0/100 Timer 15:00
10 Plays Today
Image Movie % Correct
30Mrs. Doubtfire
88.3%
6Who Framed Roger Rabbit?
79.8%
16Psycho
76.7%
81Bambi
76.2%
36The Notebook
74.7%
1When Harry Met Sally
74.3%
92Shrek
73%
13The Blair Witch Project
72.4%
74Dirty Dancing
72.3%
61The Sixth Sense
72.1%
10Something About Mary
72.1%
20Million Dollar Baby
71.9%
3The Exorcist
71.6%
76Pinocchio
71%
29Rise Planet of the Apes
70.9%
31V for Vendetta
70.8%
23Happy Feet
70.5%
51Kung Fu Panda
68.4%
4Spiderman
67.1%
82Titanic
66.8%
17Wayne's World
65.7%
21The Graduate
64.1%
85The Ring
62.7%
71Fargo
61.6%
32Child's Play
59.7%
27Mission Impossible
59%
2Platoon
57.2%
96Ferris Bueller's Day Off
57.1%
65Rambo
56.7%
39Walk the Line
56.1%
42My Girl
55.2%
100Tron
54.8%
8Back to the Future
54.4%
43Pulp Fiction
53.1%
Image Movie % Correct
80The Elephant Man
48.8%
99Tropic Thunder
47.5%
95Full Metal Jacket
47%
83Carrie
46.6%
88The Usual Suspects
46.2%
15Robocop
45.6%
37Misery
44.2%
41Superbad
44.1%
47Shaun of the Dead
43.9%
77Stand By Me
43.1%
78Shutter Island
42.9%
44Close Encounters…
41.7%
62Tootsie
41.5%
39The Godfather
39.9%
59The Princess Bride
39.1%
70Mask
38.3%
60Gran Torino
38%
91Fatal Attraction
37.2%
34Private Benjamin
36.8%
24The Naked Gun
36.2%
56The Artist
35.5%
49Austin Powers
34.6%
33Dial M for Murder
34.2%
9Hugo
34.2%
98Pretty Woman
34.1%
40The Full Monty
33.1%
84Wild Things
32.7%
7The Lovely Bones
32.6%
48Reservoir Dogs
31.8%
50Raiders of the Lost Ark
31%
72Stripes
29.6%
18Ferngully: The Last Rainforest
29.5%
93Cujo
28.7%
5The Birds
28.7%
Image Movie % Correct
69Old School
28.6%
53The Adventures of Milo and Otis
27%
79Hanna
26.7%
45Nosferatu
25.9%
90The Reader
25.9%
97Saving Private Ryan
25.5%
11Bridesmaids
25.3%
12Schindler's List
24.8%
35Edward Scissorhands
24.7%
89Dumbo
24.4%
75Porky's
23.9%
57Shakespeare in Love
23.9%
58My Neighbor Totoro
23.6%
73Speed
23.4%
55Super 8
23.3%
68Beetlejuice
21.8%
662001: A Space Odyssey
21.5%
28Casino Royale
21.3%
52Some Like it Hot
21.2%
54The Meaning of Life
21.1%
86Arthur
20.7%
63Girl w/ Dragon Tattoo
20.7%
94The Grapes of Wrath
19.5%
26Man on the Moon
18.6%
64Big Fish
17.4%
14A Fish Called Wanda
17.1%
22The Cable Guy
12.9%
25Stardust
11.6%
19City Lights
9.5%
87A Day at the Races
8.1%
46All of Me
7.1%
67Demolition Man
4.2%
Remove Ads.
Support Sporcle.
Get the best of Sporcle when you Go Orange. This ad-free experience offers more features, more stats, and more fun while also helping to support Sporcle. Thank you for becoming a member.

You're not logged in!

Compare scores with friends on all Sporcle quizzes.
OR
Log In

Sporcle TV

Today on Sporcle TV


Watch our educational content, quiz creation guides, and fun videos on Sporcle TV.

Show Comments

Extras

Top Quizzes Today


Score Distribution

Paid Content

Your Account Isn't Verified!

In order to create a playlist on Sporcle, you need to verify the email address you used during registration. Go to your Sporcle Settings to finish the process.

Report this User

Report this user for behavior that violates our Community Guidelines.

Details: